Saving Sadie : how a dog that no one wanted inspired the world / Joal Derse Dauer with Elizabeth Ridley.
Recounts the story of how the author found Sadie while donating blankets to a no-kill shelter and how their lives were transformed through unconditional love and second chances.
Dauer recounts how she found Sadie while donating blankets to a no-kill shelter. Sadie had been found in the mountains of Kentucky with a bullet hole between her eyes and one in her back-- put there after she had a litter of puppies and left to die. Strangers found her and took her to a veterinarian; Sadie's back legs were paralyzed, and the prognosis was grim. Dauer explains how Sadie's life-- and her own-- was transformed through unconditional love and second chances.
Record details
- ISBN: 9780806538389
- ISBN: 0806538384
- Physical Description: x, 244 pages, 16 unnumbered pages of plates : illustrations (some color) ; 21 cm
- Publisher: New York, NY : Citadel Press, Kensington Publishing Corp., [2017]
Content descriptions
| Formatted Contents Note: | Prologue: Sadie steals the show -- A grim prognosis -- A second chance for Sadie -- Project Saving Sadie -- Who's rehabbing whom? -- Sadie faces surgery -- Sadie and Noah: when kindred souls connect -- Acres and acres of hope -- The Mothership connection -- Sadie goes to Asia -- Neurologists deliver sad news -- Going gaga for GooFurr -- Florida, here we come -- Sadie rides the Seadog -- Pure love and second chances. |
Search for related items by subject
| Subject: | Dauer, Joal Derse. Human-animal relationships. Sadie (Dog) Dogs > Wisconsin > Biography. |
| Genre: | Autobiographies. |
| LDR | 02429nam a2200397 i 4500 | ||
|---|---|---|---|
| 001 | 152354 | ||
| 003 | CONS | ||
| 005 | 20190821123608.0 | ||
| 008 | 180108s2017 nyua 000 0deng d | ||
| 010 | . | ‡a 2017289344 | |
| 020 | . | ‡a9780806538389 ‡q(paperback) | |
| 020 | . | ‡a0806538384 ‡q(paperback) | |
| 035 | . | ‡a(CPomAG)LMN613938 | |
| 042 | . | ‡alccopycat | |
| 043 | . | ‡an-us-wi | |
| 050 | 0 | 0. | ‡aQL85 ‡b.D38 2017 |
| 082 | 0 | 4. | ‡a636.70092/9 ‡223 |
| 100 | 1 | . | ‡aDauer, Joal Derse, ‡eauthor. |
| 245 | 1 | 0. | ‡aSaving Sadie : ‡bhow a dog that no one wanted inspired the world / ‡cJoal Derse Dauer with Elizabeth Ridley. |
| 264 | 1. | ‡aNew York, NY : ‡bCitadel Press, Kensington Publishing Corp., ‡c[2017] | |
| 300 | . | ‡ax, 244 pages, 16 unnumbered pages of plates : ‡billustrations (some color) ; ‡c21 cm | |
| 336 | . | ‡atext ‡btxt ‡2rdacontent | |
| 337 | . | ‡aunmediated ‡bn ‡2rdamedia | |
| 338 | . | ‡avolume ‡bnc ‡2rdacarrier | |
| 505 | 0 | . | ‡aPrologue: Sadie steals the show -- A grim prognosis -- A second chance for Sadie -- Project Saving Sadie -- Who's rehabbing whom? -- Sadie faces surgery -- Sadie and Noah: when kindred souls connect -- Acres and acres of hope -- The Mothership connection -- Sadie goes to Asia -- Neurologists deliver sad news -- Going gaga for GooFurr -- Florida, here we come -- Sadie rides the Seadog -- Pure love and second chances. |
| 520 | . | ‡aRecounts the story of how the author found Sadie while donating blankets to a no-kill shelter and how their lives were transformed through unconditional love and second chances. | |
| 520 | . | ‡aDauer recounts how she found Sadie while donating blankets to a no-kill shelter. Sadie had been found in the mountains of Kentucky with a bullet hole between her eyes and one in her back-- put there after she had a litter of puppies and left to die. Strangers found her and took her to a veterinarian; Sadie's back legs were paralyzed, and the prognosis was grim. Dauer explains how Sadie's life-- and her own-- was transformed through unconditional love and second chances. | |
| 600 | 1 | 0. | ‡aDauer, Joal Derse. |
| 650 | 0. | ‡aHuman-animal relationships. | |
| 650 | 0. | ‡aSadie (Dog) | |
| 650 | 0. | ‡aDogs ‡zWisconsin ‡vBiography. | |
| 655 | 7. | ‡aAutobiographies. ‡2lcgft | |
| 700 | 1 | . | ‡aRidley, Elizabeth, ‡eauthor. |
| 914 | . | ‡aSCP_LP | |
| 959 | . | ‡i32269001132334 ‡l636.7 Dau ‡aAdult - Nonfiction ‡tPaperback ‡g16.00 | |
| 852 | . | ‡p32269001132334 ‡j636.7 Dau ‡gAdult - Nonfiction ‡cPaperback ‡y16.00 ‡bSBPL | |
| 901 | . | ‡a152354 ‡bUnknown ‡c152354 ‡tbiblio | |